Statistiques concernant Paroles de Lego Ninjago 1-8

Cliquez ici pour prendre le quiz!

Statistiques générales

  • Ce quiz a été pris 53 fois
  • Le résultat moyen est 8 sur 10

Statistiques - réponses

QuestionRéponse% Correct
Ooh ! Bon sang, je suis en train de devenir un serpent.Jay
96%
Nous y sommes, Pythor. La carte nous a mené ici, la lame doit se trouver là.Skales
96%
Tout se passe comme prévu, la première lame est à nous.Pythor
91%
Je suis à toi, Jay.Nya
89%
En théorie, c'est moi qui aie découvert son secret en premier. Et est-ce qu'on n'avait pas convenu que celui qui découvrirait l'identité du samurai était le ninja vert ?Kai
87%
Ah ! On dirait que le cours est terminé. Il est temps d'aller matraquer quelques serpents avant qu'ils trouvent les quatre lames sacrées.Cole
79%
Quels genre d'ennuis s'est-il attiré ?Garmadon
77%
Jay, je ne crois pas que le samurai viendra.Nya
74%
Tu vas payer pour ta venue. Monstres des marais, rassemblements !Garmadon
57%
Le seul moyen de retourner à Ninjago se trouve là-haut ?Wu
57%

Distribution des résultats

Percentile par nombre de réponses

% des personnes avec chaque résultat

Votre développement - résultats

Vous n’avez pas pris ce quiz